संस्कत साहित्य का समग्र इतिहास (Record no. 114473)

MARC details
000 -LEADER
fixed length control field 01146nam a2200265Ia 4500
003 - CONTROL NUMBER IDENTIFIER
control field OSt
005 - DATE AND TIME OF LATEST TRANSACTION
control field 20220918110741.0
008 - FIXED-LENGTH DATA ELEMENTS--GENERAL INFORMATION
fixed length control field 220915b |||||||| |||| 00| 0 san d
020 ## - INTERNATIONAL STANDARD BOOK NUMBER
International Standard Book Number 9788183153386 (hbk (set))
037 ## - SOURCE OF ACQUISITION
Terms of availability Reference Collections
040 ## - CATALOGING SOURCE
Original cataloging agency ARTS
Transcribing agency ARTS
Language of cataloging san
041 ## - LANGUAGE CODE
Source of code san
Language code of text/sound track or separate title san
100 ## - MAIN ENTRY--PERSONAL NAME
Personal name त्रिपाठी, राधावल्लभ, ले.
9 (RLIN) 1264
245 #0 - TITLE STATEMENT
Title संस्कत साहित्य का समग्र इतिहास
246 ## - VARYING FORM OF TITLE
Title proper/short title Sanskat sāhitya kā samagra itihāsa
260 ## - PUBLICATION, DISTRIBUTION, ETC.
Place of publication, distribution, etc. दिल्ली
Name of publisher, distributor, etc. न्यू भारतीय बुक कॉरपोरेशन भारत
Date of publication, distribution, etc. 2018
490 ## - SERIES STATEMENT
Volume/sequential designation खण्ड 1
650 ## - SUBJECT ADDED ENTRY--TOPICAL TERM
Topical term or geographic name entry element संस्कृत साहित्य
9 (RLIN) 9366
942 ## - ADDED ENTRY ELEMENTS (KOHA)
Classification part O15v, 152Q8.1-.4(RR)
Koha item type Reference
Holdings
Withdrawn status Lost status Damaged status Not for loan Home library Current library Date acquired Source of acquisition Serial Enumeration / chronology Total Checkouts Full call number Barcode Date last seen Price effective from Koha item type
        Arts Library Arts Library 2022-09-18 510, 31/01/2019, Bharatiya Book Corporation खण्ड 1   O15v 152Q8.1-.4(RR) AL1663224 2022-09-18 2022-09-18 Reference
Copyright @ Delhi University Library System